01280cam a2200301 a 4500001000400000003001000004005001700014008004100031020001800072040002500090080001600115090001600131245015200147260003800299300002000337504002500357650003400382650003600416650003600452650003400488700003200522700003800554942001200592952012100604952012000725952012000845999001300965108BR-CuiBMT20231107194949.0230815s2021 mgb 000 0 por d a9786555181678 aBR-CuiBMTcBR-CuiBMT 22007a341.1 a341.1bN93502aA nova lei de migração e os regimes internacionais /cAna Flavia Velloso, Tarciso Dal Maso Jardim, coordenadores ; Francisco Rezek, prefácio. aBelo Horizonte :bFórum,c2021. a433 p. ;c22 cm aInclui bibliografia. aDireito internacional privado aDireito internacional público aDireitos humanosxImigração aImigraçãovLegislação1 aVelloso, Ana Flavia4coord.1 aJardim, Tarcisio Dal Maso4coord. 2udccLV 00102udc4070aBIBTCEMTbBIBTCEMTd2023-06-28l0o341.1 N935pBIBTCEMT23080085r2023-08-15tEx. 1w2023-08-15yLV 00102udc4070aBIBTCEMTbBIBTCEMTd2023-11-16l0o341.1 N935pBIBTCEMT23110631r2023-11-16tEx. 2w2023-11-16yLV 00102udc4070aBIBTCEMTbBIBTCEMTd2023-11-16l0o341.1 N935pBIBTCEMT23110632r2023-11-16tEx. 3w2023-11-16yLV c108d108